000 00331nam a2200145Ia 4500
008 160319s9999 xx 000 0 und d
020 _a0-59048656x
050 _a418.4
050 _b.L775ch 1996
245 _aChapter by chapter /
260 _c1996
300 _a120 pages ;
300 _billustrations ;
300 _c30 cm.
999 _c291981
_d291981